|
|
|
|
| LEADER |
00000cam a22000004a 4500 |
| 001 |
musev2_85277 |
| 003 |
MdBmJHUP |
| 005 |
20230905052749.0 |
| 006 |
m o d |
| 007 |
cr||||||||nn|n |
| 008 |
200201t20192019si o 00 0 eng d |
| 020 |
|
|
|a 9789814881432
|
| 020 |
|
|
|z 9789814881425
|
| 035 |
|
|
|a (OCoLC)1284999838
|
| 040 |
|
|
|a MdBmJHUP
|c MdBmJHUP
|
| 100 |
1 |
|
|a Lechner, Alex M.,
|e author.
|
| 245 |
1 |
4 |
|a The Belt and Road Initiative :
|b Environmental Impacts in Southeast Asia /
|c Alex M. Lechner, Chee Meng Tan, Angela Tritto, Alexander Horstmann, Hoong Chen Teo, John R. Owen and Ahimsa Campos-Arceiz.
|
| 264 |
|
1 |
|a Singapore :
|b ISEAS-Yusof Ishak Institute,
|c [2019]
|
| 264 |
|
3 |
|a Baltimore, Md. :
|b Project MUSE,
|c 2021
|
| 264 |
|
4 |
|c ©[2019]
|
| 300 |
|
|
|a 1 online resource (30 pages):
|b illustrations, maps (some color) ;
|
| 336 |
|
|
|a text
|b txt
|2 rdacontent
|
| 337 |
|
|
|a computer
|b c
|2 rdamedia
|
| 338 |
|
|
|a online resource
|b cr
|2 rdacarrier
|
| 490 |
0 |
|
|a Trends in Southeast Asia,
|x 0219-3213 ;
|v no. TRS 18/19
|
| 588 |
|
|
|a Description based on print version record.
|
| 610 |
2 |
0 |
|a Yi dai yi lu (Initiative : China)
|x Environmental aspects
|z Southeast Asia.
|
| 650 |
|
7 |
|a Environmental impact analysis.
|2 fast
|0 (OCoLC)fst00913055
|
| 650 |
|
0 |
|a Investments, Chinese
|x Environmental aspects
|z Southeast Asia.
|
| 650 |
|
0 |
|a Economic development
|x Environmental aspects
|z Southeast Asia.
|
| 651 |
|
7 |
|a Southeast Asia.
|2 fast
|0 (OCoLC)fst01240499
|
| 655 |
|
7 |
|a Electronic books.
|2 local
|
| 700 |
1 |
|
|a Campos-Arceiz, Ahimsa,
|e author.
|
| 700 |
1 |
|
|a Owen, John R.,
|e author.
|
| 700 |
1 |
|
|a Teo, Hoong Chen,
|e author.
|
| 700 |
1 |
|
|a Horstmann, Alexander,
|e author.
|
| 700 |
1 |
|
|a Tritto, Angela,
|e author.
|
| 700 |
1 |
|
|a Tan, Chee Meng,
|e author.
|
| 710 |
2 |
|
|a ISEAS-Yusof Ishak Institute,
|e issuing body.
|
| 710 |
2 |
|
|a Project Muse.
|e distributor
|
| 830 |
|
0 |
|a Book collections on Project MUSE.
|
| 856 |
4 |
0 |
|z Texto completo
|u https://projectmuse.uam.elogim.com/book/85277/
|
| 945 |
|
|
|a Project MUSE - Custom Collection
|